Radiohead songs by chorus - Statistics

General Stats
  • This quiz has been taken 157 times
  • The average score is 8 of 12
Answer Stats
Chorus Song % Correct
But I'm a _____ I'm a weirdo, what the hell am I doing hereI don't belong here Creep
99%
You do it to yourself you do, And that's why it really hurts Just
90%
I keep the wolf from the door but he calls me up, calls me on thephone tells me all the ways that hes gonna mess me up, steal all my children if I don't pay the ransom, and I'll never see them again if I squeal to the cops A wolf at the door
85%
Hey man, slow down, slow down, idiot, slow down, slow down The tourist
74%
What's that? What's that? Paranoid android
72%
How come I end up where I started? How come I end up where I Went wrong? Won't take my eyes off the ball again, you reel me out then you cut the string 15 step
63%
Just, don't leave, don't leave True love waits
62%
I have no idea what you're talking about,I'm trapped in this body and can't get out Bodysnatchers
53%
Just because you feel it, Doesn't mean its thereJust because you feel it, Doesn't mean its there There, there
53%
Here I'm alive, everything all of the time,Here I'm alive, everything all of the time Idioteque
52%
I'm a reasonable man get off my case get off my case get off my case Packt like sardines in a crushd tin box
35%
Slowly we unfurlAs _____ ______s 'Cause all I want is the moon upon a stick Just to see what if Just to see what is I can't kick your habit Just to feed your fast ballooning head Listen to your heart Lotus flower
30%
No matching quizzes found
Score Distribution
Percent of People with Each Score
Percentile by Number Answered
Your Score History
You have not taken this quiz